Statistics for The Legend of Zelda: Twilight Princess - Dungeons

Click here to take the quiz!

General Stats

  • This quiz has been taken 125 times
  • The average score is 8 of 10

Answer Stats

Answer% Correct
Forest Temple
93%
Hyrule Castle
90%
Temple of Time
85%
Arbiters Grounds
84%
City in the Sky
84%
Goron Mines
81%
Lakebed Temple
79%
Snowpeak Ruins
76%
Palace of Twilight
68%
Cave of Ordeals
54%

Score Distribution

Percentile by Number Answered

Percent of People with Each Score

Your Score History

You have not taken this quiz